Wszystkie zwyciężcynie Ballon d'Or Feminin - Statystyki

Ogólne statystyki
  • Ten quiz został rozwiązany 22 razy
  • Średni wynik to 3 z 5
Statystyki odpowiedzi
Rok Odpowiedź % Poprawnych
2023 Aitana Bonmati
94%
2021 Alexia Putellas
88%
2022 Alexia Putellas
88%
2018 Ada Hegenberg
12%
2019 Megan Rapinoe
12%
Nie znaleziono quizów pasujących do podanych kryteriów
Rozkład punktacji
Procent ludzi z każdym wynikiem
Percentyl według liczby udzielonych odpowiedzi
Twoja historia wyników
Nie rozwiązałeś tego quizu